The Boundary element method with programming: for engineers and scientistic
Uloženo v:
| Hlavní autoři: | , , |
|---|---|
| Médium: | Kniha |
| Jazyk: | angličtina |
| Vydáno: |
Berlín
Springer-Verlag/Wien
2010
|
| Vydání: | 1a. ed |
| Témata: | |
| Tagy: |
Přidat tag
Žádné tagy, Buďte první, kdo vytvoří štítek k tomuto záznamu!
|
MARC
| LEADER | 00000cam a2200000 a 4500 | ||
|---|---|---|---|
| 001 | UCE3236 | ||
| 003 | CL-VaPUC | ||
| 008 | 140821e20100000gw |||||||||||||||||eng|d | ||
| 020 | |a 9783211999004 | ||
| 082 | 0 | 4 | |a 515.42 |b BEE |2 21 |
| 100 | 0 | |a Beer, Gernot |e author |9 575775 | |
| 700 | 0 | |a Smith, Ian |e author |9 575776 | |
| 700 | 0 | |a Duenser, Christian |e author |9 575777 | |
| 245 | 1 | 4 | |a The Boundary element method with programming: for engineers and scientistic |
| 250 | |a 1a. ed | ||
| 300 | |a 494 p | ||
| 942 | |c BK | ||
| 945 | |d 20140821 14:35:00 |a arojas | ||
| 260 | |a Berlín |b Springer-Verlag/Wien |c 2010 | ||
| 650 | 0 | |a Ecuaciones integrales |9 270067 | |
| 650 | 0 | |a Programación de computadores |9 259531 | |
| 650 | 0 | |a Proceso de datos |9 259776 | |
| 650 | 7 | |a FORTRAN |2 CL-VaPUC |9 260109 | |
| 583 | |a last modification |c 20140821 14:35:00 |k Rodrigo Vera | ||
| 999 | |c 356659 |d 356657 | ||
| 952 | |0 0 |1 0 |3 erb |4 0 |6 515_420000000000000_BEE_2010 |7 0 |8 A |9 464129 |a BIBMAT |b BIBMAT |i 5110440 |o 515.42 BEE 2010 |p 5110440 |r 2025-01-07 |w 2019-11-23 |y BK |z Catalogado en:20140821 |k MAT | ||